000 00349nam a2200121Ia 4500
008 220615s9999||||xx |||||||||||||| ||und||
245 0 _aChlamydia
546 _aEnglish[eng]
650 _aInfectious & contagious diseases
700 _aMares, Mihai
856 _uhttps://mts.intechopen.com/storage/books/644/authors_book/authors_book.pdf
942 _cEB
999 _c9220
_d9220